| 000 | 00443nam a2200169Ia 4500 | ||
|---|---|---|---|
| 003 | GCL | ||
| 008 | 140319s9999 xx 000 0 ara d | ||
| 040 |
_aGCL / _cGCL |
||
| 082 | 0 | 4 |
_a646.7 _bد ك |
| 245 | 1 | 0 | _aكيف تختارين مجوهراتك |
| 300 | _a580 ص | ||
| 490 |
_aموسوعة عالم المراة _v0 |
||
| 650 | 0 | 4 | _aالمجوهرات |
| 650 | 0 | 4 | _aالموضة |
| 650 | 0 | 4 | _aالمرأة - تجميل |
| 942 |
_2ddc _cBK |
||
| 999 |
_c46352 _d46352 |
||